Statistics for Two-Country Scramble

Click here to take the quiz!

General Stats

  • This quiz has been taken 432 times
  • The average score is 15 of 20

Answer Stats

Answer% Correct
FIJI
95%
CHINA
90%
PERU
90%
CHILE
88%
NORWAY
88%
TOGO
88%
SPAIN
87%
MALI
86%
ITALY
85%
IRAQ
80%
FRANCE
79%
NEPAL
73%
KENYA
72%
PORTUGAL
69%
BRAZIL
68%
TAJIKISTAN
61%
VANUATU
57%
PAKISTAN
54%
IRELAND
42%
UKRAINE
40%

Score Distribution

Percentile by Number Answered

Percent of People with Each Score

Your Score History

You have not taken this quiz